| 000 -LEADER | |
|---|---|
| fixed length control field | 00466nam a22001817a 4500 |
| 005 - DATE AND TIME OF LATEST TRANSACTION | |
| control field | 20230110140817.0 |
| 008 - FIXED-LENGTH DATA ELEMENTS--GENERAL INFORMATION | |
| fixed length control field | 221217b |||||||| |||| 00| 0 eng d |
| 020 ## - INTERNATIONAL STANDARD BOOK NUMBER | |
| ISBN | 978-0-7020-7447-9 |
| 041 ## - LANGUAGE CODE | |
| Language code of text/sound track or separate title | eng |
| 082 ## - DEWEY DECIMAL CLASSIFICATION NUMBER | |
| Classification number | 615.1RIT -R |
| 100 ## - MAIN ENTRY--AUTHOR NAME | |
| Personal name | RITTER , JAMES M ., FLOWER ,AND OTHERS |
| 245 ## - TITLE STATEMENT | |
| Title | RANG & DALE;S PHARMACOLOGY |
| 250 ## - EDITION STATEMENT | |
| Edition statement | 9th ed. |
| 260 ## - PUBLICATION, DISTRIBUTION, ETC. (IMPRINT) | |
| Name of publisher | ELSEVIER |
| Year of publication | 2021 |
| 300 ## - PHYSICAL DESCRIPTION | |
| Number of Pages | 789;P. |
| 650 ## - SUBJECT ADDED ENTRY--TOPICAL TERM | |
| Topical Term | PHARMACY |
| General subdivision | B.PHARMA |
| 942 ## - ADDED ENTRY ELEMENTS (KOHA) | |
| Koha item type | Books |
| Lost status | Damaged status | Collection code | Home library | Current library | Shelving location | Date acquired | Source of acquisition | Full call number | Accession Number | Koha item type |
|---|---|---|---|---|---|---|---|---|---|---|
| PHARMACY | JRU Library | JRU Library | SHELF-18-B | 20/10/2022 | LOHIA BOOK INTERNATIONAL | 615.1-RIT -R | 26996 | Books | ||
| PHARMACY | JRU Library | JRU Library | SHELF-18-B | 20/10/2022 | LOHIA BOOK INTERNATIONAL | 615.1-RIT -R | 26997 | Books | ||
| PHARMACY | JRU Library | JRU Library | Shelf - 21- B | 20/10/2022 | LOHIA BOOK INTERNATIONAL | 615.1-RIT -R | 26998 | Books |